[Event "Open Letni Praha 2017 - A"]
[Site "?"]
[Date "2017.08.04"]
[Round "1"]
[White "Iordachescu, Viorel"]
[Black "Malinovsky, Petr"]
[Result "1-0"]
[WhiteElo "2581"]
[BlackElo "2057"]
[PlyCount "65"]
[EventDate "2017.??.??"]
[WhiteClock "0:50:24"]
[BlackClock "0:06:06"]

1. Nf3 c5 2. g3 Nc6 3. d4 cxd4 4. Nxd4 e6 5. Bg2 d5 6. O-O Nf6 7. c4 Qb6 8.
Nxc6 bxc6 9. Nc3 Be7 10. b3 O-O 11. Na4 Qd8 12. Bf4 Ba6 13. Qc2 Rc8 14. Rfd1
Bd6 15. Bxd6 Qxd6 16. Qd2 Rfd8 17. Qa5 c5 18. e4 Bb7 19. cxd5 exd5 20. Rac1 c4
21. bxc4 Qa3 22. exd5 h6 23. Qb5 Bxd5 24. Rc3 Qxa2 25. cxd5 Ng4 26. Rf1 a6 27.
Qb4 Nf6 28. Rxc8 Rxc8 29. Nb6 Rc2 30. Qa4 Qb2 31. Nc4 Qc3 32. Ne3 a5 33. Nxc2
1-0

[Event "Open Letni Praha 2017 - A"]
[Site "?"]
[Date "2017.08.04"]
[Round "1"]
[White "Usleber, Helmut"]
[Black "Xiu, Deshun"]
[Result "0-1"]
[WhiteElo "2056"]
[BlackElo "2532"]
[PlyCount "84"]
[EventDate "2017.??.??"]
[WhiteClock "0:26:55"]
[BlackClock "0:38:04"]

1. e4 c5 2. Nf3 d6 3. d4 cxd4 4. Nxd4 Nf6 5. Nc3 a6 6. f3 e5 7. Nb3 Be6 8. Be3
Be7 9. Qd2 O-O 10. O-O-O a5 11. a4 Nc6 12. g4 Nb4 13. g5 Nh5 14. Rg1 Rc8 15.
Kb1 f5 16. gxf6 Rxf6 17. Bg5 Rxf3 18. Be2 Rf2 19. Bxe7 Qxe7 20. Qe3 Rxh2 21.
Qh6 Kh8 22. Rxg7 Qxg7 23. Qxe6 Qf8 24. Rf1 Nf4 25. Qd7 Qd8 26. Qg4 Qg8 27. Rxf4
exf4 28. Qxf4 Rh1+ 29. Nc1 Qf8 30. Qe3 Qg7 31. Bf3 Qg1 32. Qf4 Qxc1+ 33. Qxc1
Rxc1+ 34. Kxc1 Kg7 35. Kd2 Kf6 36. b3 Ke5 37. Bd1 Rg8 38. Nb5 Rg2+ 39. Kc3 h5
40. Nd4 Rg3+ 41. Kc4 Kxe4 42. Ne2 Rg5 0-1

[Event "Open Letni Praha 2017 - A"]
[Site "?"]
[Date "2017.08.04"]
[Round "1"]
[White "Chernyshov, Konstantin"]
[Black "Molkanov, Oleg"]
[Result "1-0"]
[WhiteElo "2496"]
[BlackElo "2054"]
[PlyCount "37"]
[EventDate "2017.??.??"]
[WhiteClock "0:50:31"]
[BlackClock "0:06:55"]

1. d4 f5 2. c4 Nf6 3. Nc3 g6 4. h4 Bg7 5. h5 d6 6. hxg6 hxg6 7. Rxh8+ Bxh8 8.
Nf3 Be6 9. e3 Nbd7 10. Qc2 Bg8 11. e4 e6 12. Bg5 Qc8 13. Bd3 c6 14. Qe2 Kf7 15.
O-O-O Qc7 16. d5 cxd5 17. cxd5 Kg7 18. dxe6 Nc5 19. Bxf6+ 1-0

[Event "Open Letni Praha 2017 - A"]
[Site "?"]
[Date "2017.08.04"]
[Round "1"]
[White "Pulpan, Matej"]
[Black "Neuman, Petr"]
[Result "0-1"]
[WhiteElo "2054"]
[BlackElo "2457"]
[PlyCount "88"]
[EventDate "2017.??.??"]
[WhiteClock "0:37:02"]
[BlackClock "0:01:29"]

1. e4 d6 2. Nc3 c5 3. Nf3 Nc6 4. d4 cxd4 5. Nxd4 Nf6 6. Be3 Ng4 7. Nxc6 bxc6 8.
Bf4 e5 9. Bg3 Be6 10. Be2 Nf6 11. O-O Be7 12. Kh1 g5 13. Qd2 h5 14. f3 h4 15.
Be1 Nh5 16. Nd1 d5 17. Qc3 Qd6 18. exd5 cxd5 19. Bb5+ Kf8 20. Qc6 Qd8 21. Ba5
Qxa5 22. Qxa8+ Kg7 23. Qb7 Ng3+ 24. Kg1 Bc5+ 25. Nf2 Bb6 26. Qe7 Qd2 27. Qd6
Nxf1 28. Rxf1 Qe3 29. Kh1 Rh6 30. Nd3 h3 31. g3 Bd4 32. Qb4 Rf6 33. Ne1 g4 34.
Qb3 Qd2 35. Qd3 Qxd3 36. Nxd3 e4 37. Nf4 gxf3 38. Nh5+ Kg6 39. Nxf6 Kxf6 40. c3
Bb6 41. b4 Bg4 42. Be2 Ke5 43. Bd1 e3 44. Bxf3 Bxf3+ 0-1

[Event "Open Letni Praha 2017 - A"]
[Site "?"]
[Date "2017.08.04"]
[Round "1"]
[White "Lin, Chen"]
[Black "Jurcisin, Imrich"]
[Result "1-0"]
[WhiteElo "2450"]
[BlackElo "2049"]
[PlyCount "105"]
[EventDate "2017.??.??"]
[WhiteClock "0:36:23"]
[BlackClock "0:25:27"]

1. e4 d5 2. exd5 Nf6 3. d4 Nxd5 4. c4 Nb4 5. a3 N4c6 6. Be3 e5 7. d5 Ne7 8. Bd3
Nf5 9. Bxf5 Bxf5 10. Nf3 Nd7 11. Nc3 Be7 12. b4 b6 13. O-O O-O 14. Qb3 Bg6 15.
Nd2 a5 16. Nb5 a4 17. Qc3 f5 18. f4 Bf6 19. fxe5 Nxe5 20. Bd4 c6 21. dxc6 Nxc6
22. Bxf6 Qxf6 23. Ne4 Qxc3 24. Nexc3 Ne5 25. Nd6 Bf7 26. Rf4 g6 27. Rd4 Nc6 28.
Rd2 Ne5 29. Nd5 Bxd5 30. Rxd5 Rf6 31. Re1 Nf7 32. Nxf7 Rxf7 33. Rd6 Rc7 34.
Rxb6 Rxc4 35. Rb7 Re4 36. Rd1 Rc8 37. h3 g5 38. Rdd7 g4 39. Rg7+ Kh8 40. Rxh7+
Kg8 41. Rhg7+ Kh8 42. hxg4 fxg4 43. Kh2 Rc3 44. Rgd7 g3+ 45. Kh3 Re8 46. Rh7+
Kg8 47. Rbg7+ Kf8 48. Rf7+ Kg8 49. Rhg7+ Kh8 50. Rxg3 Rc1 51. Kh2 Ree1 52. Rd3
Kg8 53. Ra7 1-0

[Event "Open Letni Praha 2017 - A"]
[Site "?"]
[Date "2017.08.04"]
[Round "1"]
[White "Afanasieva, Alexandra"]
[Black "Campora, Daniel"]
[Result "0-1"]
[WhiteElo "2041"]
[BlackElo "2436"]
[PlyCount "88"]
[EventDate "2017.??.??"]
[WhiteClock "0:02:19"]
[BlackClock "0:14:36"]

1. e4 d6 2. d4 Nf6 3. Nc3 e5 4. Nf3 Nbd7 5. Bc4 Be7 6. O-O O-O 7. Re1 c6 8. a4
b6 9. Bg5 a6 10. Bxf6 Bxf6 11. d5 c5 12. Bf1 g6 13. Nd2 Bg7 14. Nc4 Qc7 15. Qd2
Rb8 16. h4 Nf6 17. Ne3 h5 18. g3 Ng4 19. Nxg4 hxg4 20. h5 Kh7 21. hxg6+ fxg6
22. Bc4 Bh6 23. Qe2 Ra8 24. Ra3 Rf3 25. Kg2 Kg7 26. Rh1 Bg5 27. Qe1 Bd7 28. Be2
Rff8 29. Qd1 Qc8 30. Rh2 Rh8 31. Rxh8 Kxh8 32. Ra1 Kg7 33. Qh1 c4 34. Qh2 b5
35. axb5 axb5 36. Rh1 Qg8 37. b3 cxb3 38. cxb3 b4 39. Nb5 Ra2 40. Bc4 Be3 41.
Rf1 Qf8 42. Kg1 Bb6 43. Qg2 Ra5 44. Nxd6 Qxd6 0-1

[Event "Open Letni Praha 2017 - A"]
[Site "?"]
[Date "2017.08.04"]
[Round "1"]
[White "Vichnar, David"]
[Black "Kastner, Oldrich"]
[Result "1-0"]
[WhiteElo "2428"]
[BlackElo "2037"]
[PlyCount "47"]
[EventDate "2017.??.??"]
[WhiteClock "0:55:15"]
[BlackClock "0:36:17"]

1. d4 Nf6 2. c4 e6 3. g3 d5 4. Bg2 dxc4 5. Nf3 c5 6. O-O Nc6 7. Ne5 Nxe5 8.
dxe5 Qxd1 9. Rxd1 Nd7 10. Na3 Nxe5 11. Bf4 f6 12. Bxe5 fxe5 13. Nxc4 Rb8 14.
Nxe5 g5 15. Rac1 Bg7 16. Rxc5 b6 17. Rc7 Bxe5 18. Bc6+ Bd7 19. Rcxd7 O-O 20.
Rxa7 Bxb2 21. Bd7 Kf7 22. Rd6 Rfd8 23. Bc8+ Ke8 24. Rxd8+ 1-0

[Event "Open Letni Praha 2017 - A"]
[Site "?"]
[Date "2017.08.04"]
[Round "1"]
[White "Battesti, Saveriu"]
[Black "Mammadov, Zaur"]
[Result "0-1"]
[WhiteElo "2034"]
[BlackElo "2424"]
[PlyCount "40"]
[EventDate "2017.??.??"]
[WhiteClock "0:19:56"]
[BlackClock "1:17:23"]

1. e4 c6 2. d4 d5 3. exd5 cxd5 4. Bd3 Nc6 5. c3 Nf6 6. Bg5 Qd6 7. Nf3 g6 8. O-O
Bg7 9. Bh4 Nh5 10. Re1 O-O 11. Nbd2 Bd7 12. Nb3 Rae8 13. c4 e5 14. dxe5 Nxe5
15. cxd5 Bg4 16. Be2 Nf4 17. Nfd4 Ned3 18. Qd2 Nxe1 19. Bxg4 Qxd5 20. Nf3 Ned3
0-1

[Event "Open Letni Praha 2017 - A"]
[Site "?"]
[Date "2017.08.04"]
[Round "1"]
[White "Kraus, Tomas"]
[Black "Horton, Justin"]
[Result "1-0"]
[WhiteElo "2424"]
[BlackElo "2030"]
[PlyCount "67"]
[EventDate "2017.??.??"]
[WhiteClock "0:19:02"]
[BlackClock "0:01:34"]

1. Nf3 d5 2. d4 Nf6 3. e3 Bg4 4. c4 c6 5. h3 Bxf3 6. Qxf3 e6 7. Nc3 Bd6 8. g4
O-O 9. Bd2 Nbd7 10. O-O-O Qe7 11. g5 Ne4 12. Nxe4 dxe4 13. Qxe4 Qxg5 14. Bc3
Qf5 15. Qg2 Qg6 16. Rg1 Qxg2 17. Rxg2 g6 18. Be2 Rfd8 19. h4 Be7 20. h5 Nf6 21.
Bf3 Rac8 22. a4 b5 23. axb5 cxb5 24. c5 Nd5 25. hxg6 hxg6 26. Bxd5 Rxd5 27. f4
Rh5 28. Kd2 Kf8 29. Ra1 Rc7 30. Ra6 Ke8 31. Ba5 Rc8 32. Rxa7 Bxc5 33. dxc5
Rhxc5 34. Kd3 1-0

[Event "Open Letni Praha 2017 - A"]
[Site "?"]
[Date "2017.08.04"]
[Round "1"]
[White "Babicka, Michal"]
[Black "Urtnasan, Nasanjargal"]
[Result "0-1"]
[WhiteElo "2022"]
[BlackElo "2419"]
[PlyCount "78"]
[EventDate "2017.??.??"]
[WhiteClock "0:00:46"]
[BlackClock "0:14:39"]

1. e4 c5 2. Nf3 d6 3. d4 cxd4 4. Nxd4 Nf6 5. Nc3 a6 6. Bg5 Nbd7 7. Qe2 Qa5 8.
Bd2 Qb6 9. Nb3 e6 10. O-O-O h5 11. f4 Be7 12. g3 Qc7 13. Bg2 Rb8 14. h3 h4 15.
g4 b5 16. e5 dxe5 17. fxe5 Nxe5 18. Bf4 Nd3+ 19. Rxd3 Qxf4+ 20. Kb1 b4 21. Rf1
Qc7 22. Ne4 a5 23. Rd2 Qb6 24. Qf2 Qxf2 25. Rfxf2 a4 26. Nxf6+ gxf6 27. Bc6+
Kf8 28. Bxa4 Rg8 29. Nc1 f5 30. gxf5 exf5 31. Ne2 Bf6 32. Rd1 Rb6 33. Nf4 Bb7
34. Bb3 Be4 35. Nd3 Rd6 36. Rff1 Rg3 37. Nxb4 Rxd1+ 38. Rxd1 Rxh3 39. a4 Rxb3
0-1

[Event "Open Letni Praha 2017 - A"]
[Site "?"]
[Date "2017.08.04"]
[Round "1"]
[White "Brokken, Dennis"]
[Black "Jayaram, Ramanna"]
[Result "1-0"]
[WhiteElo "2401"]
[BlackElo "2021"]
[PlyCount "87"]
[EventDate "2017.??.??"]
[WhiteClock "0:38:11"]
[BlackClock "0:01:04"]

1. d4 Nf6 2. c4 g6 3. Nc3 d5 4. cxd5 Nxd5 5. e4 Nxc3 6. bxc3 Bg7 7. Nf3 c5 8.
Rb1 O-O 9. Be2 Qa5 10. Rb5 Qxc3+ 11. Bd2 Qa3 12. Ra5 Qb2 13. Rxc5 Qxa2 14. O-O
Nc6 15. d5 Ne5 16. Nxe5 Bxe5 17. Rc2 Qa3 18. Be3 b6 19. Bc1 Qa1 20. Bc4 Bd7 21.
Qd3 Qd4 22. Qf3 Bg7 23. Bb2 Qxb2 24. Rxb2 Bxb2 25. Ba6 Rab8 26. Qf4 e5 27. Qf6
b5 28. Qe7 Rfd8 29. h4 h5 30. Rb1 Bd4 31. Rb3 Be8 32. Bxb5 Bxb5 33. Rxb5 Rxb5
34. Qxd8+ Kg7 35. d6 Rb2 36. Qe7 Rxf2 37. Kh2 Kh7 38. d7 Bb6 39. d8=Q Bxd8 40.
Qxd8 Rf4 41. Qe7 Rxe4 42. Qxf7+ Kh6 43. Kh3 Rf4 44. Qg8 1-0

[Event "Open Letni Praha 2017 - A"]
[Site "?"]
[Date "2017.08.04"]
[Round "1"]
[White "Sura, Jaroslav"]
[Black "Domogaev, Sergey"]
[Result "0-1"]
[WhiteElo "2018"]
[BlackElo "2400"]
[PlyCount "48"]
[EventDate "2017.??.??"]
[WhiteClock "0:03:17"]
[BlackClock "1:05:51"]

1. e4 a6 2. d4 c5 3. d5 d6 4. c4 Nf6 5. Nc3 g6 6. Bd3 Bg7 7. Nge2 O-O 8. O-O
Nbd7 9. f4 b5 10. h3 bxc4 11. Bxc4 Nb6 12. Bb3 a5 13. a4 Ba6 14. Rf3 Rb8 15. g4
Bc4 16. Bc2 e6 17. g5 Nh5 18. f5 exf5 19. exf5 Be5 20. f6 Re8 21. Bf4 Nxd5 22.
Nxd5 Bxe2 23. Ne7+ Qxe7 24. fxe7 Bxd1 0-1

[Event "Open Letni Praha 2017 - A"]
[Site "?"]
[Date "2017.08.04"]
[Round "1"]
[White "Yagupov, Igor"]
[Black "Montero Campuzano, Rafael"]
[Result "1-0"]
[WhiteElo "2395"]
[BlackElo "2011"]
[PlyCount "63"]
[EventDate "2017.??.??"]
[WhiteClock "0:47:28"]
[BlackClock "0:07:13"]

1. e4 c5 2. Nf3 d6 3. d4 cxd4 4. Nxd4 Nf6 5. Nc3 a6 6. f3 e5 7. Nb3 Be6 8. Be3
Nbd7 9. Qd2 Be7 10. g4 O-O 11. O-O-O b5 12. g5 Nh5 13. Nd5 Bxd5 14. exd5 f5 15.
gxf6 Bxf6 16. Na5 Nb6 17. Nc6 Qc7 18. Qa5 Nxd5 19. Qxc7 Nxc7 20. Rxd6 Nf4 21.
c4 Kh8 22. Kb1 Rac8 23. Na7 Rcd8 24. Rc6 Nce6 25. cxb5 axb5 26. Nxb5 Ng5 27.
Bc4 Nxf3 28. Nd6 Rd7 29. Nf7+ Rfxf7 30. Rc8+ Rd8 31. Rxd8+ Bxd8 32. Bxf7 1-0

[Event "Open Letni Praha 2017 - A"]
[Site "?"]
[Date "2017.08.04"]
[Round "1"]
[White "Plasil, Petr"]
[Black "Plischki, Sebastian"]
[Result "0-1"]
[WhiteElo "2007"]
[BlackElo "2383"]
[PlyCount "110"]
[EventDate "2017.??.??"]
[WhiteClock "0:17:53"]
[BlackClock "1:23:52"]

1. d4 Nf6 2. c4 g6 3. Nc3 Bg7 4. e4 d6 5. Nf3 O-O 6. Be2 e5 7. O-O Na6 8. Be3
c6 9. Qd2 Re8 10. dxe5 dxe5 11. Rfd1 Qe7 12. h3 Nc5 13. Qd6 Qxd6 14. Rxd6 Ncxe4
15. Nxe4 Nxe4 16. Rdd1 f5 17. Nd2 Nxd2 18. Bxd2 e4 19. Rab1 Be6 20. b3 Kf7 21.
Bf4 Rad8 22. b4 Rxd1+ 23. Rxd1 Bf8 24. a3 Ra8 25. f3 a5 26. fxe4 axb4 27. exf5
Bxf5 28. axb4 Bxb4 29. g4 Bc5+ 30. Kf1 Be4 31. Be5 Ke6 32. Bg7 Rg8 33. Bd4 Rf8+
34. Kg1 Bxd4+ 35. Rxd4 Rf4 36. c5 g5 37. Rd6+ Ke5 38. Rd7 Bg6 39. Rxb7 Kd4 40.
Ra7 Kxc5 41. Ra5+ Kd4 42. Rxg5 c5 43. h4 c4 44. Bxc4 Kxc4 45. h5 Be4 46. Rg7
Kd4 47. g5 Rh4 48. Kf2 Rxh5 49. Kg3 Rh1 50. Rd7+ Ke5 51. Rf7 Bg6 52. Rf2 Re1
53. Rf3 Rg1+ 54. Kh4 Rd1 55. Kg3 Rd3 0-1

[Event "Open Letni Praha 2017 - A"]
[Site "?"]
[Date "2017.08.04"]
[Round "1"]
[White "Saiyn, Zhanat"]
[Black "Pribylova, Sofie"]
[Result "1-0"]
[WhiteElo "2381"]
[BlackElo "2003"]
[PlyCount "115"]
[EventDate "2017.??.??"]
[WhiteClock "0:05:55"]
[BlackClock "0:02:45"]

1. d4 Nf6 2. Nf3 c5 3. d5 b5 4. a4 b4 5. c4 bxc3 6. Nxc3 d6 7. e4 g6 8. Bb5+
Bd7 9. e5 dxe5 10. Nxe5 Bg7 11. Qf3 a6 12. Bxd7+ Nbxd7 13. Nc6 Qb6 14. O-O O-O
15. a5 Qb3 16. Ra3 Qb7 17. Nxe7+ Kh8 18. Nc6 Rac8 19. Rd1 Rfe8 20. h3 Kg8 21.
Na4 Nxd5 22. Qxd5 Qxc6 23. Qxc6 Rxc6 24. Rad3 Nf6 25. Be3 c4 26. Rd6 Rcc8 27.
Nb6 Rc7 28. Rd8 Kf8 29. Bf4 Rc6 30. Bd6+ Kg8 31. Bb4 h5 32. Rxe8+ Nxe8 33. Rd8
Re6 34. Nxc4 Kh7 35. Rd7 Re4 36. b3 Kg8 37. Bd2 Bd4 38. Kf1 Bc5 39. Rd5 Be7 40.
Rd7 Bc5 41. Be3 Bxe3 42. fxe3 Ng7 43. Rd6 Ne6 44. Rxa6 Nc5 45. Rb6 Nxb3 46.
Rxb3 Rxc4 47. Ra3 Rc7 48. a6 Ra7 49. Ke2 Kf8 50. Kd3 Ke7 51. Kc4 Kd6 52. Kb5
Kc7 53. e4 Ra8 54. a7 Kb7 55. Kc5 Rxa7 56. Rxa7+ Kxa7 57. e5 Kb7 58. Kd6 1-0

[Event "Open Letni Praha 2017 - A"]
[Site "?"]
[Date "2017.08.04"]
[Round "1"]
[White "Sprenar, Petr"]
[Black "Lamorelle, Julien"]
[Result "1/2-1/2"]
[WhiteElo "1999"]
[BlackElo "2358"]
[PlyCount "83"]
[EventDate "2017.??.??"]
[WhiteClock "0:13:08"]
[BlackClock "0:04:58"]

1. c4 c6 2. Nc3 d5 3. cxd5 cxd5 4. d4 Nf6 5. Nf3 Nc6 6. g3 Bf5 7. Bg2 e6 8. O-O
Bd6 9. Bf4 Bxf4 10. gxf4 O-O 11. Ne5 Rc8 12. Rc1 Qa5 13. e3 Rc7 14. Qb3 a6 15.
Na4 Nxe5 16. fxe5 Nd7 17. Rxc7 Qxc7 18. Qc3 Qxc3 19. Nxc3 Rc8 20. Rc1 f6 21.
exf6 gxf6 22. Ne2 Rxc1+ 23. Nxc1 Bb1 24. Bf1 Kf7 25. Bd3 Bxd3 26. Nxd3 e5 27.
Kf1 Ke6 28. f3 b6 29. Ke2 Nb8 30. Nb4 a5 31. Nc2 Nc6 32. Kd3 f5 33. dxe5 Kxe5
34. f4+ Kd6 35. a3 Kc5 36. Nd4 Nxd4 37. exd4+ Kb5 38. b3 a4 39. b4 Kc6 40. Ke3
Kb5 41. Kd3 Kc6 42. Ke3 1/2-1/2

[Event "Open Letni Praha 2017 - A"]
[Site "?"]
[Date "2017.08.04"]
[Round "1"]
[White "Hoefelsauer, Thomas"]
[Black "Maza Lopez De Los M, Santiago"]
[Result "1-0"]
[WhiteElo "2357"]
[BlackElo "1994"]
[PlyCount "83"]
[EventDate "2017.??.??"]
[WhiteClock "0:06:23"]
[BlackClock "0:14:56"]

1. Nf3 Nf6 2. c4 g6 3. g3 Bg7 4. Bg2 O-O 5. O-O d5 6. cxd5 Nxd5 7. Nc3 c5 8. d3
Nc6 9. Bd2 Be6 10. Ng5 Nxc3 11. Nxe6 Nxd1 12. Nxd8 Rfxd8 13. Rfxd1 Rac8 14.
Rac1 b6 15. b3 Nd4 16. Kf1 e5 17. Rc4 f5 18. Be3 a5 19. Bd2 Kf7 20. Be1 Ne6 21.
Rcc1 Rc7 22. e3 Rcd7 23. Ke2 g5 24. h3 h5 25. a3 f4 26. Bf3 h4 27. Bg4 hxg3 28.
fxg3 fxg3 29. Bxg3 e4 30. dxe4 Bb2 31. Rxd7+ Rxd7 32. Rf1+ Ke7 33. e5 Rd5 34.
Rf6 Nd8 35. Rd6 Rxd6 36. exd6+ Kf7 37. a4 Bf6 38. Kd3 Nc6 39. Kc4 Bd8 40. Kb5
Nb4 41. e4 Nd3 42. e5 1-0

[Event "Open Letni Praha 2017 - A"]
[Site "?"]
[Date "2017.08.04"]
[Round "1"]
[White "Kucera, Tomas"]
[Black "Aliyev, Ravan"]
[Result "0-1"]
[WhiteElo "1993"]
[BlackElo "2346"]
[PlyCount "131"]
[EventDate "2017.??.??"]
[WhiteClock "0:02:27"]
[BlackClock "0:03:26"]

1. e4 e6 2. d4 d5 3. Nc3 Nf6 4. e5 Nfd7 5. f4 c5 6. Nf3 Nc6 7. Be3 cxd4 8. Nxd4
Bc5 9. Qd2 O-O 10. O-O-O a6 11. Kb1 Nxd4 12. Bxd4 b5 13. Bxc5 Nxc5 14. Qd4 Qb6
15. Bd3 b4 16. Ne2 Rb8 17. Rhf1 a5 18. f5 Nxd3 19. cxd3 exf5 20. Qxd5 Be6 21.
Qf3 Rfd8 22. Nf4 Qd4 23. Rfe1 a4 24. Qe3 a3 25. Qxd4 Rxd4 26. Ne2 Rh4 27. h3 b3
28. bxa3 bxa2+ 29. Ka1 Ra4 30. d4 Rxa3 31. d5 Rb1+ 32. Rxb1 axb1=Q+ 33. Kxb1
Bxd5 34. Nf4 Be4+ 35. Kb2 Rg3 36. Rc1 Kf8 37. Rc8+ Ke7 38. Rc7+ Ke8 39. e6 fxe6
40. Nxe6 Rxg2+ 41. Kc1 Rg6 42. Nxg7+ Kf8 43. Nh5 Rh6 44. Nf4 Rh4 45. Ne6+ Kg8
46. Rg7+ Kh8 47. Rc7 h6 48. Rc3 Kg8 49. Kd2 Kf7 50. Nd4 Kf6 51. Ke2 Bg2 52. Kf2
Rxh3 53. Rxh3 Bxh3 54. Kg3 Bg4 55. Kf4 h5 56. Nc6 h4 57. Ne5 h3 58. Nd3 Ke6 59.
Nf2 Kd5 60. Kg3 Ke5 61. Nxh3 Bxh3 62. Kxh3 Kf4 63. Kg2 Ke3 64. Kf1 Kf3 65. Ke1
Kg2 66. Ke2 0-1

[Event "Open Letni Praha 2017 - A"]
[Site "?"]
[Date "2017.08.04"]
[Round "1"]
[White "Chkhaidze, Nikoloz"]
[Black "Svetly, Jiri"]
[Result "1-0"]
[WhiteElo "2341"]
[BlackElo "1993"]
[PlyCount "89"]
[EventDate "2017.??.??"]
[WhiteClock "1:00:45"]
[BlackClock "0:29:13"]

1. d4 Nf6 2. c4 g6 3. Nc3 Bg7 4. e4 d6 5. h3 Nbd7 6. Nf3 O-O 7. Be3 e5 8. d5
Nc5 9. Nd2 a5 10. g4 c6 11. Be2 cxd5 12. exd5 Ne8 13. Nb3 b6 14. Qd2 f5 15.
gxf5 gxf5 16. Nxc5 bxc5 17. Bh6 Bxh6 18. Qxh6 Qf6 19. Rg1+ Kh8 20. Qxf6+ Rxf6
21. O-O-O Ra7 22. Nb5 Rg7 23. Rxg7 Nxg7 24. Rd3 f4 25. Ra3 h5 26. h4 e4 27.
Rxa5 Bg4 28. Nc3 Bxe2 29. Nxe2 Nf5 30. Nxf4 Nxh4 31. Nxh5 Rxf2 32. Ra8+ Kh7 33.
Re8 Rf1+ 34. Kc2 Kg6 35. Ng3 Rf2+ 36. Kc1 Nf5 37. Nxf5 Rxf5 38. Rxe4 Rf1+ 39.
Kd2 Ra1 40. a3 Rh1 41. Re6+ Kf5 42. Kc2 Kf4 43. Kb3 Rc1 44. Rxd6 Ke5 45. Rh6
1-0

[Event "Open Letni Praha 2017 - A"]
[Site "?"]
[Date "2017.08.04"]
[Round "1"]
[White "Petran, Peter"]
[Black "Vrecion, Jiri"]
[Result "1-0"]
[WhiteElo "2308"]
[BlackElo "1979"]
[PlyCount "77"]
[EventDate "2017.??.??"]
[WhiteClock "0:17:43"]
[BlackClock "0:00:37"]

1. g3 Nf6 2. Bg2 d5 3. Nf3 g6 4. d3 Bg7 5. Nbd2 O-O 6. e4 dxe4 7. dxe4 c5 8.
O-O Nc6 9. c3 e6 10. Re1 b6 11. Qe2 Qe7 12. a4 Rd8 13. e5 Nd5 14. Nc4 h6 15.
Nfd2 Ba6 16. Qe4 Bxc4 17. Nxc4 Rd7 18. f4 Rad8 19. Qe2 Rb8 20. Qf2 a6 21. Bd2
Qd8 22. Re2 Bf8 23. Rf1 b5 24. axb5 axb5 25. Ne3 Nce7 26. g4 Qc7 27. f5 exf5
28. Nxd5 Nxd5 29. gxf5 c4 30. Qg3 Qb6+ 31. Kh1 Ne7 32. f6 Nc8 33. e6 fxe6 34.
Qxg6+ Kh8 35. Bxh6 Nd6 36. Rxe6 Qc7 37. Bf4 Rbd8 38. Be5 Rf7 39. Re7 1-0

[Event "Open Letni Praha 2017 - A"]
[Site "?"]
[Date "2017.08.04"]
[Round "1"]
[White "Solger, Bernhard"]
[Black "Certek, Pavel"]
[Result "0-1"]
[WhiteElo "1978"]
[BlackElo "2287"]
[PlyCount "128"]
[EventDate "2017.??.??"]
[WhiteClock "0:06:46"]
[BlackClock "0:59:11"]

1. d4 Nf6 2. c4 e6 3. Nf3 b6 4. g3 Bb7 5. Bg2 Be7 6. Nc3 Ne4 7. Nxe4 Bxe4 8.
O-O O-O 9. b3 Bf6 10. Bb2 d6 11. Qd2 Nd7 12. Rfd1 Qc8 13. Ne5 Bxg2 14. Nxd7
Qxd7 15. Kxg2 c6 16. e4 d5 17. cxd5 cxd5 18. Ba3 Rfc8 19. e5 Be7 20. Bxe7 Qxe7
21. Rac1 Qa3 22. Rc2 Rxc2 23. Qxc2 g6 24. Rc1 Rf8 25. h4 h5 26. Qd2 Qe7 27. b4
Qd7 28. Qc3 Qb5 29. Qd2 Qd7 30. Qc3 Qa4 31. Qb2 Qa6 32. Rc7 Qd3 33. Qc3 Qe4+
34. Kh2 a5 35. bxa5 bxa5 36. Qe3 Qxe3 37. fxe3 Rb8 38. Rc2 Rb1 39. Kg2 Kg7 40.
Kf3 a4 41. e4 dxe4+ 42. Kxe4 Re1+ 43. Kf3 Ra1 44. Kf4 Kh6 45. Kf3 g5 46. hxg5+
Kxg5 47. Rc7 a3 48. Rc2 Kf5 49. Rf2 Kg5 50. Kg2 Kg6 51. Rf6+ Kg7 52. Rf2 Rd1
53. g4 hxg4 54. Kg3 Rxd4 55. Re2 Kg6 56. Re3 Kf5 57. Rxa3 Kxe5 58. Ra5+ Rd5 59.
Ra7 f5 60. a4 Rd3+ 61. Kg2 Ra3 62. a5 f4 63. Rg7 Ra2+ 64. Kg1 g3 0-1

[Event "Open Letni Praha 2017 - A"]
[Site "?"]
[Date "2017.08.04"]
[Round "1"]
[White "Mammadova, Narmin"]
[Black "French, Max"]
[Result "1-0"]
[WhiteElo "2277"]
[BlackElo "1968"]
[PlyCount "139"]
[EventDate "2017.??.??"]
[WhiteClock "0:16:09"]
[BlackClock "0:18:36"]

1. e4 c6 2. c4 d5 3. exd5 cxd5 4. cxd5 Nf6 5. Bb5+ Nbd7 6. Nc3 g6 7. d4 Bg7 8.
d6 O-O 9. dxe7 Re8 10. Nge2 Qxe7 11. O-O a6 12. Bd3 b5 13. a3 Bb7 14. Bg5 Qd6
15. Rc1 Nd5 16. Ne4 Qf8 17. Qb3 Rac8 18. Rxc8 Rxc8 19. Bh4 f5 20. Ng5 Qe8 21.
Nc3 N7b6 22. Nf3 Qf7 23. Re1 Nxc3 24. Qxf7+ Kxf7 25. Re7+ Kg8 26. Rxb7 Ncd5 27.
Bg5 f4 28. h3 Na4 29. b3 Nac3 30. a4 Bf8 31. Bh4 bxa4 32. bxa4 Nb4 33. Bf1 Nxa4
34. Ne5 Nc3 35. Bc4+ Ncd5 36. Rd7 Rxc4 37. Nxc4 h6 38. Bd8 Bg7 39. Ne5 g5 40.
Ba5 Bf8 41. Nc4 Nf6 42. Rc7 Nc2 43. Rc6 Nd5 44. Rc8 Ne7 45. Ra8 Nxd4 46. Rxa6
Ndf5 47. Ra8 Ng6 48. Bb4 Kg7 49. Bxf8+ Nxf8 50. Ne5 Ne6 51. Ra6 Nfd4 52. Kf1
Kf6 53. Nd3 Kg7 54. Ke1 Kg6 55. Kd2 Kf7 56. Kc3 Nf5 57. Kc4 Nh4 58. Ra7+ Kf6
59. Kd5 Nf5 60. Ra6 Ne7+ 61. Ke4 Kf7 62. Ne5+ Kf6 63. Ng4+ Kf7 64. Nxh6+ Kf6
65. Ng4+ Kf7 66. Ne5+ Kf6 67. Nf3 Kf7 68. Ke5 Ng6+ 69. Kf5 Ne7+ 70. Kg4 1-0

[Event "Open Letni Praha 2017 - A"]
[Site "?"]
[Date "2017.08.04"]
[Round "1"]
[White "Davies, Peter"]
[Black "Hollan, Petr"]
[Result "1-0"]
[WhiteElo "1966"]
[BlackElo "2273"]
[PlyCount "81"]
[EventDate "2017.??.??"]
[WhiteClock "0:03:25"]
[BlackClock "0:01:00"]

1. e4 c5 2. c4 Nc6 3. Nf3 e5 4. Nc3 d6 5. d3 g6 6. Be3 Bg7 7. Qd2 Nd4 8. Nd5
Nxf3+ 9. gxf3 h6 10. Bg2 Ne7 11. f4 Nxd5 12. cxd5 Qh4 13. O-O-O Bg4 14. f3 Bh5
15. Kb1 b6 16. fxe5 dxe5 17. Rdf1 Qe7 18. f4 exf4 19. Bxf4 g5 20. d6 Qe6 21. e5
Rc8 22. Bg3 O-O 23. Re1 Bg6 24. Ka1 b5 25. Rhf1 Rb8 26. d4 cxd4 27. Qxd4 Kh8
28. Bd5 Qd7 29. Qd2 Bf5 30. h4 g4 31. h5 Rbe8 32. Bf4 Kh7 33. Bg3 Kh8 34. Bh4
Bh7 35. Bf6 Bxf6 36. exf6 Rxe1+ 37. Rxe1 Qf5 38. Qxh6 Rg8 39. Be4 Qxe4 40. Rxe4
g3 41. Re8 1-0

[Event "Open Letni Praha 2017 - A"]
[Site "Praha"]
[Date "2017.08.04"]
[Round "1"]
[White "Schmitz, Thorsten"]
[Black "Kelm, Daniel"]
[Result "1-0"]
[WhiteElo "2273"]
[BlackElo "1952"]
[PlyCount "57"]
[EventDate "2017.08.04"]

1. e4 c6 2. c4 d5 3. exd5 cxd5 4. cxd5 Qxd5 5. Nc3 Qd8 6. d4 Nf6 7. Nf3 e6 8.
Bd3 Be7 9. O-O O-O 10. Re1 Nc6 11. a3 a6 12. Bc2 b5 13. Qd3 b4 14. Ne4 g6 15.
Bh6 Re8 16. Ba4 Qd5 17. Rac1 Bb7 18. Nc5 Bxc5 19. Rxc5 Qd6 20. Rec1 Rec8 21.
Qc4 Nd7 22. Bxc6 Nxc5 23. Bxb7 Nxb7 24. Qxc8+ Rxc8 25. Rxc8+ Nd8 26. Bg5 f6 27.
Bxf6 Qf4 28. Rxd8+ Kf7 29. Ne5+ 1-0

[Event "Open Letni Praha 2017 - A"]
[Site "Praha"]
[Date "2017.08.04"]
[Round "1"]
[White "Narendran, Gouthaman"]
[Black "Nitish, Belurkar"]
[Result "0-1"]
[WhiteElo "1952"]
[BlackElo "2269"]
[PlyCount "64"]
[EventDate "2017.08.04"]

1. e4 d5 2. exd5 Nf6 3. d4 Bg4 4. Be2 Bxe2 5. Qxe2 Qxd5 6. Nf3 e6 7. c4 Qh5 8.
d5 Bb4+ 9. Bd2 Bxd2+ 10. Nbxd2 O-O 11. dxe6 Re8 12. Nd4 Qxe2+ 13. Kxe2 Nc6 14.
Nxc6 Rxe6+ 15. Kf3 Rxc6 16. b3 Rd6 17. Nf1 Re8 18. g3 Ne4 19. Kg2 Rf6 20. Re1
Rxf2+ 21. Kg1 Rxa2 22. g4 Kf8 23. h4 Rb2 24. Rh3 Nc5 25. Rxe8+ Kxe8 26. Re3+
Kf8 27. Re5 b6 28. Ne3 Rxb3 29. Nd5 Rg3+ 30. Kh2 Rxg4 31. Nxc7 Rxh4+ 32. Kg3
Re4 0-1